| 000 | 00834cam a22002771 4500 | ||
|---|---|---|---|
| 999 |
_c127053 _d127053 |
||
| 001 | 8427011 | ||
| 003 | ARRUPE | ||
| 005 | 20171006101521.0 | ||
| 008 | 720628s1960 mdu b 000 0 eng | ||
| 010 | _a 60023687 | ||
| 015 | _aGB60-2052 | ||
| 035 | _a(OCoLC)343883 | ||
| 040 |
_aDLC _cODaWU _dOCoLC _dUk _dDLC |
||
| 042 | _apremarc | ||
| 050 | 0 | 0 |
_aPQ4043 _b.W5 |
| 082 | _a850.9 | ||
| 100 | 1 |
_aWhitfield, John Humphreys. _936752 |
|
| 245 | 1 | 2 |
_aA short history of Italian literature. _cJohn Humpfreys Whitfield |
| 260 |
_aBaltimore _bPenguin Books _c1960 |
||
| 300 |
_a302 p. _c18 cm. |
||
| 490 | 0 |
_aA Pelican book, _vA455 |
|
| 504 | _aIncludes bibliography. | ||
| 650 | 0 |
_aItalian literature _xHistory and criticism. _936753 |
|
| 906 |
_a7 _bcbc _coclcrpl _du _encip _f19 _gy-gencatlg |
||
| 942 |
_2lcc _cMONOGRAPH |
||